| 000 | 01128nam a22003377a 4500 | ||
|---|---|---|---|
| 003 | CHAP | ||
| 005 | 20220817041727.0 | ||
| 008 | 971013s1980 r 00010 d | ||
| 010 | _a22725 | ||
| 011 | _a23697 | ||
| 035 | _a27794 | ||
| 040 | _cCHAP | ||
| 082 |
_a301.35 _bA84 |
||
| 100 | 0 | 0 |
_aAvery, William P. _eed. _98587 |
| 245 |
_aRural change and public policy _b: eastern Europe, Latin and Australia |
||
| 260 |
_aNew York : _bPergamon, _c1980 |
||
| 300 | _a327 p | ||
| 490 | _aPergamon policy studies on international development | ||
| 590 |
_aBATCH-UPD _b10 _c20130110 _lUCH01 _h0955 |
||
| 590 |
_aBATCH-UPD _b10 _c20130410 _lUCH01 _h0608 |
||
| 590 |
_aCONVERSION _b10 _c20130109 _lUCH01 _h1313 |
||
| 650 | 1 | 4 |
_aAmerica Latina _xCondiciones rurales. |
| 650 | 1 | 4 |
_aAustralia _xCondiciones rurales. _98361 |
| 650 | 1 | 4 |
_aCambio social. _917787 |
| 650 | 1 | 4 |
_aDesarrollo rural. _932067 |
| 650 | 1 | 4 |
_aEuropa _xCondiciones rurales. _938864 |
| 830 | 0 |
_aPergamon policy studies on international development _987161 |
|
| 901 | _aBK | ||
| 942 | _cLIBRO | ||
| 949 |
_a301.35 A84 _bBC _cLIBRO _d33724000291134 _eLIBRO _h54916 _i27794 _si |
||
| 999 |
_c22725 _d22725 |
||